O jogo de não jogar (Record no. 69691)

MARC details
000 -LÍDER
campo de controle de tamanho fixo 00381 a2200169 4500
001 - NÚMERO DE CONTROLE
campo de controle 69691
020 ## - ISBN - INTERNATIONAL STANDARD BOOK NUMBER
ISBN - International Standard Book Number 8570565887
040 ## - FONTE DA CATALOGAÇÃO
Instituição que transcreveu o registro Anchieta - Itaigara
100 ## - ENTRADA PRINCIPAL--NOME PESSOAL
Nome pessoal Ladeira, Julieta de Godoy
240 10 - TÍTULO UNIFORME
Título uniforme O jogo de não jogar
Idioma da obra por
245 10 - TÍTULO
Título O jogo de não jogar
300 ## - DESCRIÇÃO FÍSICA
Extensão 51
362 0# - DATAS DE PUBLICAÇÃO E/OU DESIGNAÇÃO SEQUENCIAL
Datas de publicação e/ou designação sequencial 1994
440 #1 - DECLARAÇÃO DE SÉRIE/ENTRADA ADICIONADA--TÍTULO
Título Atual
650 #4 - ASSUNTO--TERMO TÓPICO
Cabeçalho tópico ou nome geográfico Literatura infanto-juvenil
942 ## - ELEMENTOS DE ENTRADA ADICIONADOS (KOHA)
Tipo de material Koha Livros
Holdings
Situação do descarte Situação das perdas Situação física Não pode ser emprestado Biblioteca de origem Biblioteca atual Data de aquisição Total de empréstimos Número de chamada completo Código de barras Data de último acesso Data do preço efetivo Tipo de material Koha
        Colégio São Paulo Colégio São Paulo 21/11/2023   028.5 LAD JOG 2297/ITA 21/11/2023 21/11/2023 Livros
        Colégio São Paulo Colégio São Paulo 21/11/2023   028.5 LAD JOG 2298/ITA 21/11/2023 21/11/2023 Livros
        Colégio São Paulo Colégio São Paulo 21/11/2023   028.5 LAD JOG 2299/ITA 21/11/2023 21/11/2023 Livros